Digital communications (for the students of electronics and communications) (Record no. 67579)

000 -LEADER
fixed length control field 00514nam a22001817a 4500
003 - CONTROL NUMBER IDENTIFIER
control field NUST - PNEC
005 - DATE AND TIME OF LATEST TRANSACTION
control field 20170116181027.0
008 - FIXED-LENGTH DATA ELEMENTS--GENERAL INFORMATION
fixed length control field 150917b xxu||||| |||| 00| 0 eng d
020 ## - INTERNATIONAL STANDARD BOOK NUMBER
International Standard Book Number 8121922410
040 ## - CATALOGING SOURCE
Transcribing agency LIBRARY
050 ## - LIBRARY OF CONGRESS CALL NUMBER
Classification number 621.382 RAM
082 ## - DEWEY DECIMAL CLASSIFICATION NUMBER
Classification number 621.382 RAM
100 ## - MAIN ENTRY--PERSONAL NAME
9 (RLIN) 10858
Personal name Ram, S.K. Venkata
245 ## - TITLE STATEMENT
Title Digital communications (for the students of electronics and communications)
Statement of responsibility, etc. S.K. Venkata Ram
260 ## - PUBLICATION, DISTRIBUTION, ETC.
Date of publication, distribution, etc. c.2003
650 ## - SUBJECT ADDED ENTRY--TOPICAL TERM
9 (RLIN) 10861
Topical term or geographic name entry element Digital communications
General subdivision EL
942 ## - ADDED ENTRY ELEMENTS (KOHA)
Source of classification or shelving scheme
Koha item type Book
Holdings
Withdrawn status Lost status Source of classification or shelving scheme Damaged status Not for loan Permanent Location Current Location Shelving location Date acquired Total Checkouts Full call number Barcode Date last seen Price effective from Koha item type
          Pakistan Navy Engineering College (PNEC) Pakistan Navy Engineering College (PNEC)       621.382 RAM PNECLIB-026771 09/17/2015   Book
© 2023 Central Library, National University of Sciences and Technology. All Rights Reserved.